Operations Research: Principles and Practice (Record no. 5641)

MARC details
000 -LEADER
fixed length control field 00387nam a2200157Ia 4500
003 - CONTROL NUMBER IDENTIFIER
control field OSt
008 - FIXED-LENGTH DATA ELEMENTS--GENERAL INFORMATION
fixed length control field 191201s2012 xx 000 0 und d
082 ## - DEWEY DECIMAL CLASSIFICATION NUMBER
Classification number 658.4034
Item number RAO
100 ## - MAIN ENTRY--PERSONAL NAME
Personal name RAVINDRAN,A
245 #0 - TITLE STATEMENT
Title Operations Research: Principles and Practice
250 ## - EDITION STATEMENT
Edition statement Rep
260 ## - PUBLICATION, DISTRIBUTION, ETC. (IMPRINT)
Place of publication, distribution, etc New Delhi
Name of publisher, distributor, etc Wiley Dreautech India
Date of publication, distribution, etc 2012
300 ## - PHYSICAL DESCRIPTION
Extent 637
650 ## - SUBJECT ADDED ENTRY--TOPICAL TERM
Topical term or geographic name as entry element B.Tech(ME)
942 ## - ADDED ENTRY ELEMENTS (KOHA)
Source of classification or shelving scheme Dewey Decimal Classification
Koha item type Text Books
Holdings
Withdrawn status Lost status Source of classification or shelving scheme Damaged status Not for loan Collection code Home library Current library Date acquired Source of acquisition Cost, normal purchase price Bill Number Total Checkouts Full call number Acc. no. / Barcode Checked out Date last seen Date last borrowed Bill Date Koha item type Public note
    Dewey Decimal Classification     B.Tech(ME) PIET C-LIBRARY PIET C-LIBRARY 08/05/2013 IBH, New Delhi 489.00 1014 1 658.4034 RAO 21779 21/07/2022 22/01/2022 22/01/2022 06/05/2013 Text Books .
    Dewey Decimal Classification     B.Tech(ME) PIET C-LIBRARY PIET C-LIBRARY 08/05/2013 IBH, New Delhi 489.00 1014   658.4034 RAO 21780   04/12/2019   06/05/2013 Text Books  
    Dewey Decimal Classification     B.Tech(ME) PIET C-LIBRARY PIET C-LIBRARY 08/05/2013 IBH, New Delhi 489.00 1014   658.4034 RAO 21781   04/12/2019   06/05/2013 Text Books  
    Dewey Decimal Classification     B.Tech(ME) PIET C-LIBRARY PIET C-LIBRARY 08/05/2013 IBH, New Delhi 489.00 1014   658.4034 RAO 21782   04/12/2019   06/05/2013 Text Books  
    Dewey Decimal Classification     B.Tech(ME) PIET C-LIBRARY PIET C-LIBRARY 08/05/2013 IBH, New Delhi 489.00 1014   658.4034 RAO 21783   04/12/2019   06/05/2013 Text Books  

Design & Developed by: PIET Central Library
R70 Miles Stone Pattikalyana Samalkha Panipat 132102
mail ID :- [email protected], Phone No:- 0180-2569700 Ex.216